Very Hard General Knowledge Quiz - Statistics

General Stats
  • This quiz has been taken 173 times
    166 since last reset
  • The average score is 10 of 20
Answer Stats
Question Answer % Correct
In Walt Disney's film "Cinderella", what does the fairy godmother turn into a carriage? Pumpkin
93%
Who sang "Happy birthday to you Mr. President" on 19th May 1962 to President John F Kennedy? Marilyn Monroe
83%
Who in a speech made a comment: "Never was so much owed by so many to so few"? Winston Churchill
83%
What is tattooed on Popeye's arm? An anchor
76%
"Syntax" is concerned with the arrangement of what? Words
74%
What appears on your skin when the Sun activates your melanocytes? Starts with the letter F Freckles
71%
Who was the longest serving British Prime Minister of the 20th Century? Margaret Thatcher
71%
Which horse is the subject of Anna Sewell's only published novel in 1877? Black Beauty
68%
Where is the Wailing Wall? Jerusalem
66%
What was the category of Winston Churchill's Nobel Prize in 1953? Literature
64%
Who wrote "A Farewell to Arms"? Ernest Hemingway
48%
Which animals name themselves? (excluding humans) Dolphins
38%
What is the name given to the type of photograph where the image produced has a single hue - black and white? Monochrome
38%
What is Europe's busiest shopping street? Oxford Street
37%
What is a katydid? An insect
28%
What is a large group of flamingos called? Flamboyance
25%
What is celebrated on April 22nd of every year? Earth Day
24%
Tugela Falls is found in what country? It is the 2nd highest waterfall in the world. South Africa
9%
Established in 1919 and with its headquarters in Paris, the IAU is the international union of what profession? Astronomers
4%
What is the name of the cranial bone just above your ear? Temporal Bone
4%
No matching quizzes found
Score Distribution
Percent of People with Each Score
Percentile by Number Answered
Your Score History
You have not taken this quiz since the last reset